00314pab a2200121 454500008004000000100002300040245004900063260000900112300001000121362000900131650004100140773001100181180718b1984 xxu||||| |||| 00| 0 eng d aWright, Charles L. aThe future of Latin American urban transport c1984 a464-8 aAug. aLocal Transportation - Latin America aCities